شیر د ا غستا ن (Record no. 552144)
[ view plain ]
| 000 -LEADER | |
|---|---|
| fixed length control field | 00357nam a22001337a 4500 |
| 082 ## - DEWEY DECIMAL CLASSIFICATION NUMBER | |
| Classification number | 947.97 |
| Author Mark | BLA |
| -- | L-38,P-01 |
| 100 ## - MAIN ENTRY--PERSONAL NAME | |
| Personal name | Blanish, Lizli |
| 9 (RLIN) | 49357 |
| 245 ## - TITLE STATEMENT | |
| Title | شیر د ا غستا ن |
| 260 ## - PUBLICATION, DISTRIBUTION, ETC. | |
| Place of publication, distribution, etc. | Rawalpindi, |
| Name of publisher, distributor, etc. | Army Publication Press, |
| Date of publication, distribution, etc. | 1996. |
| 300 ## - PHYSICAL DESCRIPTION | |
| Extent | 543p. |
| Dimensions | 22cm. |
| 500 ## - GENERAL NOTE | |
| General note | MCE |
| 526 ## - STUDY PROGRAM INFORMATION NOTE | |
| Program name | 0 |
| Interest level | 0 |
| Reading level | 0 |
| Title point value | 947_970000000000000_BLA |
| 942 ## - ADDED ENTRY ELEMENTS (KOHA) | |
| Source of classification or shelving scheme | |
| Koha item type | Book |
| Withdrawn status | Lost status | Source of classification or shelving scheme | Damaged status | Not for loan | Permanent Location | Current Location | Date acquired | Total Checkouts | Full call number | Barcode | Date last seen | Price effective from | Koha item type |
|---|---|---|---|---|---|---|---|---|---|---|---|---|---|
| Military College of Engineering (MCE) | Military College of Engineering (MCE) | 01/08/2015 | 947.97 BLA | MCE-29572 | 01/08/2015 | 01/08/2015 | Book |
